000 00324nam a2200145Ia 4500
008 230917s9999||||xx |||||||||||||| ||und||
040 _e153335
_aMAIN
041 _aEnglish
082 _a294.6 D537G
100 _aDhillon, Harijinder Singh
245 0 _aGuru ram dass
260 _c1998
300 _a87p p.
942 _cBK
999 _c80864
_d80864